000
00329nam a2200133Ia 4500
008
150201s2005 xx 000 0 und d
082
_a
610
_b
O05D
100
_a
DOYLE,DEREK
245
_a
OXFORD TB OF PALLIATIVE MEDICINE
250
_a
3RD
260
_b
OXFORD
_a
NEW YORK
_c
2005
650
_a
MEDICINE AND DIAGNOSIS
942
_2
ddc
_c
BK
999
_c
871
_d
871